[Event "SERBIA OPEN 2023 - MASTERS ?????? ???? 2"]
[Site "Belgrade, "]
[Date "2023.07.16"]
[Round "1.50"]
[White "Paszewski, Mateusz"]
[Black "Popovic, Aleksandar M"]
[Result "1-0"]
[WhiteElo "2316"]
[BlackElo "2195"]
[PlyCount "63"]
[EventDate "2023.07.16"]

1. e4 g6 2. d4 Bg7 3. Nf3 d6 4. Be3 Nf6 5. Nc3 a6 6. Qd2 h6 7. h3 b5 8. Bd3 Bb7 9. e5 dxe5 10. dxe5 b4 11. Ne2 Nd5 12. O-O-O e6 13. Nf4 Nxf4 14. Bxf4 Nc6 15. Qe2 Qe7 16. h4 Qc5 17. Kb1 Ne7 18. Be4 Nd5 19. Bc1 O-O-O 20. Ne1 Qb6 21. Nd3 Kb8 22. Nf4 Rhe8 23. Qf3 Qa5 24. Nxd5 exd5 25. Qxf7 Bxe5 26. Bf3 Qb6 27. h5 g5 28. Rhe1 Qd6 29. Re2 Rf8 30. Qh7 Rd7 31. Qg6 Rf6 32. Qe8+ 1-0

[Event "SERBIA OPEN 2023 - MASTERS СРБИЈА "]
[Site "Belgrade, "]
[Date "2023.07.16"]
[Round "1.51"]
[White "Nurgali, Nazerke"]
[Black "Omorjan, Dejan"]
[Result "1/2-1/2"]
[WhiteElo "2192"]
[BlackElo "2314"]
[PlyCount "120"]
[EventDate "2023.07.16"]

1. d4 d6 2. c4 e5 3. dxe5 dxe5 4. Qxd8+ Kxd8 5. Nc3 Be6 6. e4 c6 7. Nf3 f6 8. Be3 Na6 9. Be2 Ke8 10. O-O g5 11. Nd2 h5 12. Nb3 Rh7 13. Rfc1 g4 14. c5 Nb4 15. a3 Na6 16. Bxa6 Bxb3 17. Be2 Ne7 18. Bd1 Be6 19. b4 Ng6 20. b5 Rc7 21. bxc6 bxc6 22. Ba4 Kf7 23. Ne2 h4 24. Rab1 Be7 25. Bd2 Rac8 26. Be3 Rd8 27. Rd1 Rxd1+ 28. Rxd1 Bc4 29. Nc1 Nf8 30. Nb3 Bb5 31. Bxb5 cxb5 32. Rc1 Ne6 33. Kf1 a5 34. Nxa5 Nxc5 35. Nb3 Ne6 36. Rxc7 Nxc7 37. Bc5 Ne6 38. Bb4 Ng5 39. Nd2 h3 40. gxh3 gxh3 41. f3 Bd8 42. Kf2 Kg6 43. Nf1 Bb6+ 44. Kg3 f5 45. exf5+ Kxf5 46. Be7 Bd4 47. Nd2 Be3 48. Bxg5 Bxg5 49. Ne4 Be7 50. Nc3 Bxa3 51. Nxb5 Bb4 52. Kxh3 Kf4 53. Kg2 e4 54. fxe4 Kxe4 55. Kg3 Kf5 56. Nd4+ Kg6 57. Kg4 Be1 58. Nf5 Bf2 59. Ng3 Be1 60. Ne4 Kh6 1/2-1/2

[Event "SERBIA OPEN 2023 - MASTERS СРБИЈА "]
[Site "Belgrade, "]
[Date "2023.07.16"]
[Round "1.52"]
[White "Shoshin, Kirill"]
[Black "Karamsetty, Jeevan"]
[Result "1/2-1/2"]
[WhiteElo "2314"]
[BlackElo "2185"]
[PlyCount "143"]
[EventDate "2023.07.16"]

1. d4 d6 2. e4 Nf6 3. Nc3 e5 4. Nf3 Nbd7 5. Bc4 Be7 6. O-O O-O 7. a4 a6 8. Re1 b6 9. Qe2 c6 10. Ba2 Bb7 11. h3 b5 12. Bg5 b4 13. Nb1 c5 14. d5 Rb8 15. Nbd2 Ne8 16. Be3 g6 17. Bh6 Ng7 18. a5 f5 19. Nc4 Kh8 20. exf5 gxf5 21. Qd2 Rf6 22. Rad1 Rg6 23. Kh1 e4 24. Ng1 Nh5 25. Ne2 Qg8 26. g3 Qf7 27. Be3 Rbg8 28. Nf4 Rh6 29. Kg2 Bg5 30. Rh1 Nxf4+ 31. Bxf4 Bxf4 32. Qxf4 Qf6 33. Ne3 Rf8 34. Bc4 Kg8 35. h4 Ne5 36. h5 Kh8 37. Be2 Bc8 38. c3 bxc3 39. bxc3 Qg7 40. Rb1 Rhf6 41. Rb6 Nd7 42. Rb3 Qe7 43. Nc4 Rg8 44. Nb6 Bb7 45. Nxd7 Qxd7 46. Rd1 Qf7 47. c4 Rd8 48. Rdb1 Rd7 49. Qg5 h6 50. Qf4 Qe7 51. Rb6 Rc7 52. Bd1 Qd7 53. Ra1 Kg7 54. Ba4 Qe7 55. Rab1 Bc8 56. Rc6 Rxc6 57. Bxc6 Rf8 58. Rb6 Rd8 59. Qd2 Kh7 60. Qf4 Rg8 61. Ba4 Rd8 62. Rb8 Qc7 63. Ra8 Rf8 64. Bc6 Kg7 65. Qd2 f4 66. Qb2+ Kh7 67. gxf4 Qf7 68. f5 Rg8+ 69. Kf1 Bxf5 70. Qb7 Qxb7 71. Bxb7 Rxa8 72. Bxa8 1/2-1/2

[Event "SERBIA OPEN 2023 - MASTERS СРБИЈА "]
[Site "Belgrade, "]
[Date "2023.07.16"]
[Round "1.53"]
[White "Krstic, Milos"]
[Black "Petrovic, Aleksa"]
[Result "1/2-1/2"]
[WhiteElo "2183"]
[BlackElo "2311"]
[PlyCount "126"]
[EventDate "2023.07.16"]

1. e4 c6 2. d4 d5 3. Nc3 g6 4. Nf3 Bg7 5. e5 Bg4 6. Be2 e6 7. h3 Bxf3 8. Bxf3 c5 9. Qe2 cxd4 10. Nb5 Nd7 11. Bf4 Qa5+ 12. Bd2 Qb6 13. Nd6+ Kf8 14. Bf4 d3 15. cxd3 Qd4 16. Qe3 Nxe5 17. Qxd4 Nxf3+ 18. gxf3 Bxd4 19. Rc1 Bb6 20. Nxb7 e5 21. Be3 d4 22. Bd2 Kg7 23. a4 Rb8 24. Nd6 Nf6 25. Ke2 Nd5 26. b4 Rbd8 27. Nc4 Bc7 28. b5 f5 29. a5 Rhe8 30. Rb1 e4 31. b6 axb6 32. axb6 Bb8 33. fxe4 fxe4 34. dxe4 Rxe4+ 35. Kd3 Ree8 36. b7 Rf8 37. Rb5 Rxf2 38. Ra1 Rf7 39. Ra8 Nc7 40. Rc5 Ne6 41. Rc6 Rxb7 42. Rxe6 Rb3+ 43. Kc2 Rxh3 44. Rb6 Rc8 45. Rb4 Kf6 46. Raxb8 Rxb8 47. Rxb8 Kf5 48. Rb5+ Ke4 49. Nd6+ Kf3 50. Kd3 h5 51. Ne4 Rh4 52. Rb6 Rg4 53. Ng5+ Kg2 54. Rxg6 h4 55. Rh6 h3 56. Nxh3 Rg3+ 57. Kxd4 Rxh3 58. Rf6 Rf3 59. Re6 Kf2 60. Be3+ Ke2 61. Rh6 Rg3 62. Rh2+ Kf3 63. Rf2+ Kg4 1/2-1/2

[Event "SERBIA OPEN 2023 - MASTERS СРБИЈА "]
[Site "Belgrade, "]
[Date "2023.07.16"]
[Round "1.54"]
[White "Mushini, Ajay"]
[Black "Sharma, Dinesh K"]
[Result "1-0"]
[WhiteElo "2306"]
[BlackElo "2182"]
[PlyCount "135"]
[EventDate "2023.07.16"]

1. e4 c5 2. Nf3 d6 3. d4 cxd4 4. Nxd4 Nf6 5. Nc3 a6 6. Be3 e5 7. Nb3 Be7 8. h3 h6 9. Qf3 Qc7 10. Na4 Nbd7 11. c4 b6 12. Bd3 Nc5 13. Nbxc5 bxc5 14. Nc3 Rb8 15. b3 Be6 16. O-O O-O 17. Rad1 Qa5 18. Bd2 Qd8 19. Bc2 Ne8 20. Qd3 Bg5 21. f4 Be7 22. Nd5 Kh8 23. Bc3 f6 24. Rd2 Bg8 25. Rdf2 Rf7 26. Bd1 Nc7 27. Ba5 Nxd5 28. Bxd8 Nb4 29. Qd2 Rxd8 30. Bh5 Rff8 31. f5 Nc6 32. h4 a5 33. Rf3 Ra8 34. a4 Nd4 35. Rd3 Rfb8 36. Bd1 Rb4 37. Qe3 Bf7 38. Rf2 Kg8 39. g4 Kf8 40. Rg2 Rab8 41. g5 hxg5 42. hxg5 fxg5 43. Rxg5 Bf6 44. Rg2 Ke7 45. Qh3 Rg8 46. Rdg3 Rbb8 47. Rh2 g6 48. fxg6 Rxg6 49. Rxg6 Bxg6 50. Qe3 Ne6 51. Bg4 Nd4 52. Bd1 Ne6 53. Bh5 Bg5 54. Qe1 Bf4 55. Bxg6 Bxh2+ 56. Kxh2 Rh8+ 57. Kg1 Rg8 58. Qh4+ Kd7 59. Qh7+ Rg7 60. Qh6 Kc7 61. Kf1 Rxg6 62. Qxg6 Nd4 63. Qg7+ Kc6 64. Qa7 Nxb3 65. Ke1 Nd4 66. Qxa5 Kb7 67. Qd8 Kc6 68. a5 1-0

[Event "SERBIA OPEN 2023 - MASTERS СРБИЈА "]
[Site "Belgrade, "]
[Date "2023.07.16"]
[Round "1.55"]
[White "Vlahovic, Milan"]
[Black "Wen, Teddie"]
[Result "0-1"]
[WhiteElo "2182"]
[BlackElo "2306"]
[PlyCount "78"]
[EventDate "2023.07.16"]

1. d4 Nf6 2. Nf3 g6 3. c4 Bg7 4. g3 O-O 5. Bg2 d6 6. O-O c5 7. d5 b5 8. cxb5 a6 9. b6 Nbd7 10. Nc3 a5 11. Qc2 Nxb6 12. Rd1 Ba6 13. e4 Nfd7 14. Bf4 Nc4 15. Rac1 Nce5 16. Ne1 Qb6 17. Bf1 Bxf1 18. Kxf1 Rab8 19. b3 Rfc8 20. Na4 Qa7 21. Kg2 Nb6 22. Nxb6 Rxb6 23. Bxe5 Bxe5 24. f4 Bg7 25. Nf3 Rcb8 26. Qc4 a4 27. e5 axb3 28. axb3 Rxb3 29. Ra1 Qd7 30. h3 h5 31. Qe4 Rb2+ 32. Nd2 Qc7 33. Rac1 dxe5 34. f5 R2b4 35. Qe3 gxf5 36. Rxc5 Qb6 37. Rdc1 Rb2 38. Qg5 Qg6 39. Rc8+ Kh7 0-1

[Event "SERBIA OPEN 2023 - MASTERS СРБИЈА "]
[Site "Belgrade, "]
[Date "2023.07.16"]
[Round "1.56"]
[White "Aaron, Deepak"]
[Black "Beukes, Dante M"]
[Result "0-1"]
[WhiteElo "2305"]
[BlackElo "2180"]
[PlyCount "80"]
[EventDate "2023.07.16"]

1. d4 d5 2. c4 e6 3. Nc3 Nf6 4. Nf3 a6 5. cxd5 exd5 6. Bg5 Be6 7. e3 Nbd7 8. Bd3 Bd6 9. O-O c6 10. Qc2 h6 11. Bf4 Qc7 12. Bxd6 Qxd6 13. Rae1 O-O 14. Nh4 c5 15. dxc5 Nxc5 16. Bf5 Rac8 17. Rd1 Qb8 18. Qb1 b5 19. Ne2 Nce4 20. Nd4 Rfe8 21. g3 Rc7 22. Nxe6 fxe6 23. Bh3 g5 24. Ng6 Rg7 25. f3 Nxg3 26. hxg3 Qxg3+ 27. Bg2 Kf7 28. Rc1 Rxg6 29. Rc6 Re7 30. Rxa6 g4 31. Qc2 Kg7 32. Qf2 Qxf2+ 33. Kxf2 Rc7 34. Re1 Nd7 35. Bf1 gxf3 36. Bd3 Rg5 37. Bxb5 Rc2+ 38. Kf1 Rh5 39. Be2 Rh1+ 40. Kf2 Rxe1 0-1

[Event "SERBIA OPEN 2023 - MASTERS СРБИЈА "]
[Site "Belgrade, "]
[Date "2023.07.16"]
[Round "1.57"]
[White "Mandura, Tijana"]
[Black "Spasic, Petar"]
[Result "0-1"]
[WhiteElo "2174"]
[BlackElo "2303"]
[PlyCount "60"]
[EventDate "2023.07.16"]

1. e4 c5 2. Nf3 e6 3. g3 Nc6 4. d4 cxd4 5. Nxd4 Nf6 6. Nc3 d5 7. exd5 Nxd5 8. Nxc6 bxc6 9. Ne4 Be7 10. c4 Nb4 11. Qxd8+ Kxd8 12. Kd1 e5 13. Be3 Kc7 14. f3 Rd8+ 15. Kc1 Bf5 16. a3 Nd3+ 17. Kc2 Nc5 18. Bg2 a5 19. Rad1 Rdb8 20. g4 Bg6 21. h4 h6 22. Rh2 Rb7 23. Bh1 Rab8 24. Bc1 Na4 25. Rhd2 Kc8 26. Kb1 Bxe4+ 27. fxe4 Nc3+ 28. Kc2 Nxd1 29. Rxd1 Bxh4 30. Bf3 Bg5 0-1

[Event "SERBIA OPEN 2023 - MASTERS СРБИЈА "]
[Site "Belgrade, "]
[Date "2023.07.16"]
[Round "1.58"]
[White "Klek, Hanna Marie"]
[Black "Kairbekova, Amina"]
[Result "1-0"]
[WhiteElo "2301"]
[BlackElo "2173"]
[PlyCount "143"]
[EventDate "2023.07.16"]

1. e4 c5 2. Nf3 e6 3. d4 cxd4 4. Nxd4 Nf6 5. Nc3 Nc6 6. Ndb5 Bc5 7. Nd6+ Ke7 8. Bf4 e5 9. Nf5+ Kf8 10. Bg5 d6 11. Ne3 Be6 12. Qd2 h6 13. Bxf6 Qxf6 14. Ncd5 Qd8 15. c3 a6 16. Be2 g6 17. O-O Kg7 18. b4 Ba7 19. a4 Rf8 20. Nc4 Rc8 21. a5 Ne7 22. Ncb6 Nxd5 23. exd5 Bxb6 24. axb6 Bd7 25. Qe3 f5 26. f4 exf4 27. Qd4+ Qf6 28. Qxf6+ Kxf6 29. Rfc1 Rfe8 30. Kf2 Rxe2+ 31. Kxe2 Bb5+ 32. Kd2 Bc4 33. g3 fxg3 34. hxg3 Bxd5 35. Ra5 Bc4 36. Re1 Rc6 37. Rh1 h5 38. Rh4 d5 39. Ra1 Rxb6 40. Re1 a5 41. bxa5 Rb2+ 42. Ke3 Ra2 43. Rb1 Ke5 44. Rxb7 Re2+ 45. Kf3 Rc2 46. Rh1 Rxc3+ 47. Kf2 Rc2+ 48. Kg1 d4 49. Re7+ Kf6 50. Rd7 d3 51. Rh4 Bb5 52. Rd6+ Kg5 53. Rb4 Bc4 54. a6 Bxa6 55. Rbb6 Kg4 56. Rxa6 d2 57. Ra4+ Kf3 58. Ra3+ Ke2 59. Re6+ Kd1 60. Kf2 g5 61. Rd6 f4 62. gxf4 gxf4 63. Rd4 h4 64. Rxf4 h3 65. Kg3 Kc1 66. Rf1+ Kb2 67. Rd3 h2 68. Rd1 Rc8 69. R1xd2+ Kc1 70. Rxh2 Rg8+ 71. Kf4 Rf8+ 72. Ke5 1-0

[Event "SERBIA OPEN 2023 - MASTERS СРБИЈА "]
[Site "Belgrade, "]
[Date "2023.07.16"]
[Round "1.59"]
[White "Guha, Rohit"]
[Black "Hercegovac, Neven"]
[Result "1/2-1/2"]
[WhiteElo "2016"]
[BlackElo "2173"]
[PlyCount "67"]
[EventDate "2023.07.16"]

1. d4 Nf6 2. c4 c5 3. d5 b5 4. cxb5 a6 5. bxa6 g6 6. Nc3 Bg7 7. e4 O-O 8. a7 Rxa7 9. Nf3 e6 10. Be2 exd5 11. exd5 d6 12. O-O Na6 13. Nb5 Rd7 14. Bc4 Bb7 15. Qb3 Nb4 16. Rd1 Qa8 17. Bf4 Rfd8 18. Nc3 Rb8 19. a3 Na6 20. h3 Nc7 21. Qa2 Nh5 22. Bg5 Ba6 23. Rab1 Nb5 24. Nxb5 Bxb5 25. b4 Bxc4 26. Qxc4 Rdb7 27. Qc2 cxb4 28. axb4 Rxb4 29. Rxb4 Rxb4 30. Qc6 Qb8 31. Re1 Rb1 32. Rxb1 Qxb1+ 33. Kh2 Qb8 34. Be7 1/2-1/2

[Event "SERBIA OPEN 2023 - MASTERS СРБИЈА "]
[Site "Belgrade, "]
[Date "2023.07.16"]
[Round "1.60"]
[White "Medancic, Rikard"]
[Black "Ostojic, Katarina"]
[Result "1/2-1/2"]
[WhiteElo "2162"]
[BlackElo "2009"]
[PlyCount "103"]
[EventDate "2023.07.16"]

1. e4 c6 2. Nc3 d5 3. Nf3 Bg4 4. h3 Bxf3 5. Qxf3 e6 6. g3 g6 7. Bg2 Bg7 8. O-O Ne7 9. d3 d4 10. Ne2 h6 11. Bd2 c5 12. g4 Nbc6 13. Qg3 Qb6 14. b3 e5 15. f4 f6 16. h4 Qc7 17. g5 f5 18. fxe5 Bxe5 19. Bf4 hxg5 20. hxg5 O-O-O 21. a3 Rdf8 22. b4 Rf7 23. bxc5 Rhf8 24. Bxe5 Nxe5 25. Rac1 fxe4 26. Rxf7 Rxf7 27. Bxe4 Nf5 28. Qh3 Qe7 29. Rf1 Qxg5+ 30. Kh1 Kc7 31. Qh2 Qe7 32. Nf4 Kd8 33. Nxg6 Nxg6 34. Qb8+ Kd7 35. Qxb7+ Kd8 36. Qb8+ Kd7 37. Qxa7+ Kd8 38. Qb8+ Kd7 39. Qb7+ Kd8 40. Qd5+ Kc7 41. Qb7+ Kd8 42. Qb6+ Ke8 43. Qb8+ Kd7 44. Rxf5 Qh4+ 45. Kg2 Qg4+ 46. Kf2 Rxf5+ 47. Bxf5+ Qxf5+ 48. Ke1 Qe5+ 49. Qxe5 Nxe5 50. Kd2 Kc6 51. c3 dxc3+ 52. Kxc3 1/2-1/2

[Event "SERBIA OPEN 2023 - MASTERS СРБИЈА "]
[Site "Belgrade, "]
[Date "2023.07.16"]
[Round "1.61"]
[White "Tenuunbold, Battulga"]
[Black "Chelushkina, Irina"]
[Result "1-0"]
[WhiteElo "2002"]
[BlackElo "2162"]
[PlyCount "57"]
[EventDate "2023.07.16"]

1. d4 Nf6 2. c4 e6 3. g3 d5 4. Nf3 c6 5. Qc2 Ne4 6. Nbd2 f5 7. Ne5 Nd7 8. Nd3 Bd6 9. Bg2 O-O 10. O-O Qf6 11. Nf3 g5 12. b3 g4 13. Nfe5 Qe7 14. Bf4 Ng5 15. f3 Nxe5 16. Nxe5 gxf3 17. exf3 c5 18. Bxg5 Qxg5 19. f4 Qe7 20. cxd5 cxd4 21. Rae1 Bb4 22. Re2 Bc3 23. Qd3 a5 24. Rd1 Ra6 25. Nf3 Qc5 26. Nxd4 exd5 27. Bxd5+ Kh8 28. Bc4 b5 29. Qxc3 1-0

[Event "SERBIA OPEN 2023 - MASTERS СРБИЈА "]
[Site "Belgrade, "]
[Date "2023.07.16"]
[Round "1.62"]
[White "Eric, Jovana"]
[Black "Loshkarev, Dmitri"]
[Result "1-0"]
[WhiteElo "2155"]
[BlackElo "1997"]
[PlyCount "115"]
[EventDate "2023.07.16"]

1. e4 e5 2. Nf3 Nc6 3. Bc4 d6 4. O-O g6 5. d4 exd4 6. Nxd4 Bg7 7. Nxc6 bxc6 8. Qf3 Be6 9. Bxe6 fxe6 10. Nc3 Qf6 11. Qg3 Ne7 12. Bg5 Qf7 13. Rad1 Rb8 14. b3 c5 15. Ne2 Nc6 16. c3 O-O 17. f4 Bf6 18. e5 Be7 19. exd6 cxd6 20. Bh6 Rfd8 21. Qf3 d5 22. Ng3 e5 23. f5 e4 24. Qe2 Ne5 25. c4 dxc4 26. Qxe4 Rxd1 27. Rxd1 Bf6 28. fxg6 hxg6 29. Rf1 Qe6 30. bxc4 Bg7 31. Bxg7 Kxg7 32. Re1 Re8 33. Kh1 Qd6 34. h3 Re7 35. Qf4 Qf6 36. Qxf6+ Kxf6 37. Ne4+ Kf5 38. Nxc5 Rc7 39. g4+ Kf6 40. g5+ Kf5 41. Rf1+ Nf3 42. Rxf3+ Ke5 43. Re3+ Kf5 44. Ne4 Kf4 45. Re2 Rxc4 46. h4 Kg4 47. Kg2 Rc6 48. Kf2 Ra6 49. Ke3 Ra3+ 50. Kd4 Kxh4 51. Ke5 Ra6 52. Rg2 Kh3 53. Rg3+ Kh2 54. a3 Ra4 55. Re3 Ra6 56. Nc5 Rb6 57. Ne6 a5 58. Kf6 1-0

[Event "SERBIA OPEN 2023 - MASTERS СРБИЈА "]
[Site "Belgrade, "]
[Date "2023.07.16"]
[Round "1.63"]
[White "Grozdanovic, Anastasia"]
[Black "Devnani, Kush"]
[Result "0-1"]
[WhiteElo "1980"]
[BlackElo "2155"]
[PlyCount "156"]
[EventDate "2023.07.16"]

1. d4 d5 2. c4 c6 3. Nf3 Nf6 4. Nc3 dxc4 5. a4 Bf5 6. Ne5 e6 7. g3 Nbd7 8. Nxc4 Nb6 9. Nxb6 axb6 10. Bg5 Be7 11. Bg2 O-O 12. O-O h6 13. Bf4 g5 14. Bc1 b5 15. e4 Bg6 16. e5 Nd5 17. Ne4 Kg7 18. f4 f5 19. Nc3 b4 20. Nxd5 cxd5 21. Be3 g4 22. Qd3 Qa5 23. Rfc1 Rfc8 24. Bf1 Be8 25. h3 h5 26. Rxc8 Rxc8 27. Qd1 Bd8 28. Be2 Kf8 29. Kf2 Qc7 30. Rc1 Bc6 31. Qb3 Qa5 32. Rc5 Bxa4 33. Qa2 Rxc5 34. dxc5 Bc6 35. Qb1 Be7 36. hxg4 hxg4 37. Qh1 Kg7 38. Qh5 Qd8 39. Bxg4 d4 40. Bd2 Be8 41. Qh2 fxg4 42. f5 exf5 43. Qh6+ Kf7 44. Bf4 Qd5 45. Qh5+ Ke6 46. Qxe8 Qf3+ 47. Kg1 Qd1+ 48. Kf2 Qc2+ 49. Kf1 Qb1+ 50. Kg2 Qxb2+ 51. Kf1 Qb1+ 52. Kg2 Qc2+ 53. Kf1 Qc4+ 54. Kg2 Qxc5 55. Qg6+ Kd5 56. Qxf5 Kc6 57. Qxg4 Qd5+ 58. Kf2 d3 59. Qc8+ Kb6 60. Be3+ Bc5 61. Bxc5+ Qxc5+ 62. Qxc5+ Kxc5 63. e6 b3 64. e7 b2 65. e8=Q b1=Q 66. Qc8+ Kd4 67. Qh8+ Kc4 68. Qc8+ Kb3 69. Qxb7+ Kc2 70. Qc6+ Kd1 71. Ke3 Qb3 72. Qh1+ Kc2 73. Qe4 Qb6+ 74. Kf3 Qf6+ 75. Ke3 Qh6+ 76. Kf3 Qh1+ 77. Ke3 Qxe4+ 78. Kxe4 d2 0-1

[Event "SERBIA OPEN 2023 - MASTERS СРБИЈА "]
[Site "Belgrade, "]
[Date "2023.07.16"]
[Round "1.64"]
[White "Zherebtsova, Alexandra"]
[Black "Zmijanac, Dusko"]
[Result "1-0"]
[WhiteElo "2152"]
[BlackElo "1973"]
[PlyCount "79"]
[EventDate "2023.07.16"]

1. c4 c6 2. e4 g6 3. d4 Bg7 4. Nc3 d6 5. h3 Nd7 6. Nf3 Qc7 7. Be3 Ngf6 8. Be2 O-O 9. g4 e5 10. d5 a6 11. Rc1 c5 12. Nd2 h6 13. Rg1 g5 14. h4 Nh7 15. Nf1 f6 16. h5 Re8 17. Ng3 Ndf8 18. a3 Bd7 19. b4 b6 20. f3 Reb8 21. Kf2 Be8 22. Qd2 Nd7 23. Nf5 Nhf8 24. Rb1 Bf7 25. Ng3 Rb7 26. Rb3 Rab8 27. Rgb1 Be8 28. Qd3 Nh7 29. R3b2 Nhf8 30. Nf5 Kf7 31. Bd1 b5 32. cxb5 c4 33. Qxc4 Nb6 34. Qxc7+ Rxc7 35. Nxd6+ Kg8 36. Na4 Nfd7 37. Nc5 Bf8 38. Nxe8 Rxe8 39. Nxd7 Nxd7 40. bxa6 1-0

[Event "SERBIA OPEN 2023 - MASTERS СРБИЈА "]
[Site "Belgrade, "]
[Date "2023.07.16"]
[Round "1.65"]
[White "Lopez Rayo, Isabella"]
[Black "Djokic, Mihailo"]
[Result "0-1"]
[WhiteElo "1971"]
[BlackElo "2146"]
[PlyCount "106"]
[EventDate "2023.07.16"]

1. e4 e6 2. d4 d5 3. Nd2 Nf6 4. e5 Nfd7 5. Bd3 c5 6. c3 b6 7. f4 Ba6 8. Ndf3 cxd4 9. cxd4 Bb4+ 10. Bd2 Qe7 11. a3 Bxd2+ 12. Qxd2 Bxd3 13. Qxd3 Nc6 14. Nh3 g6 15. O-O Rc8 16. Rac1 O-O 17. b4 a5 18. Qb5 Ndb8 19. Qxb6 axb4 20. axb4 Qxb4 21. Rb1 Qxb6 22. Rxb6 Na5 23. Rfb1 Nc4 24. Rb7 Nc6 25. Nf2 N6a5 26. R7b4 Na3 27. Rd1 Nc2 28. Rb5 Nc4 29. Nd3 N4e3 30. Rc1 Rc3 31. Nc5 Nxd4 32. Rxc3 Ne2+ 33. Kf2 Nd1+ 34. Ke1 Ndxc3 35. Rb3 Ra8 36. Nd7 Kg7 37. Nf6 Ra1+ 38. Kf2 Ra2 39. Ke1 Ne4 40. Ng5 Nxf4 41. Ngxe4 dxe4 42. Rb8 Nd3+ 43. Kf1 Nxe5 44. Nxe4 Ng4 45. Rb7 Nxh2+ 46. Ke1 Ng4 47. Ng5 Ne5 48. Nxe6+ Kf6 49. Nf4 Kf5 50. g3 h5 51. Nd5 Kg4 52. Re7 Nf3+ 53. Kf1 Kxg3 0-1

[Event "SERBIA OPEN 2023 - MASTERS СРБИЈА "]
[Site "Belgrade, "]
[Date "2023.07.16"]
[Round "1.67"]
[White "Gvozdenovic, Milos"]
[Black "Gkavardinas, Antonios"]
[Result "1/2-1/2"]
[WhiteElo "1966"]
[BlackElo "2146"]
[PlyCount "123"]
[EventDate "2023.07.16"]

1. c4 e6 2. Nf3 d5 3. e3 Nf6 4. b3 Be7 5. Bb2 O-O 6. Nc3 c5 7. cxd5 exd5 8. d4 Nc6 9. Be2 Bg4 10. dxc5 Bxc5 11. O-O Rc8 12. Rc1 Bd6 13. Nb5 Bb8 14. h3 Be6 15. Nbd4 Qe7 16. Nxc6 Rxc6 17. Qd4 Rfc8 18. Bd3 h6 19. Bb1 Qc7 20. Rcd1 Re8 21. Bd3 a6 22. Bb1 Bc8 23. Rc1 Qd6 24. Rfd1 Bc7 25. Rxc6 bxc6 26. Rc1 a5 27. Qc5 Bd7 28. Qxd6 Bxd6 29. Nd4 c5 30. Nf5 Bxf5 31. Bxf5 Rd8 32. Bxf6 gxf6 33. Rd1 d4 34. exd4 cxd4 35. Kf1 Bb4 36. Ke2 Rd5 37. g4 Bc3 38. Kd3 Re5 39. Be4 Kf8 40. f3 Ke7 41. Kc4 Kd6 42. Rxd4+ Bxd4 43. Kxd4 Rc5 44. h4 Rc1 45. h5 Rd1+ 46. Kc4 Ke5 47. Kb5 Rd2 48. Kxa5 Rxa2+ 49. Kb5 Kd4 50. b4 Rb2 51. Kc6 Rxb4 52. Kd6 Rb6+ 53. Ke7 Ke5 54. Kxf7 Kf4 55. Bf5 Kg5 56. f4+ Kxf4 57. Kg6 Rb8 58. Kxh6 Rg8 59. Kh7 Rg5 60. h6 Ke5 61. Bg6 Rxg4 62. Kg7 1/2-1/2

[Event "SERBIA OPEN 2023 - MASTERS СРБИЈА "]
[Site "Belgrade, "]
[Date "2023.07.16"]
[Round "1.68"]
[White "Granovskiy, Alexandr"]
[Black "Girgis, Lazar"]
[Result "1-0"]
[WhiteElo "2143"]
[BlackElo "1965"]
[PlyCount "73"]
[EventDate "2023.07.16"]

1. d4 Nf6 2. Bg5 d5 3. Bxf6 exf6 4. e3 c6 5. Nd2 Bd6 6. Bd3 O-O 7. Qf3 Re8 8. Ne2 Nd7 9. O-O-O b5 10. g4 Nb6 11. h4 g6 12. g5 f5 13. Nf4 Bf8 14. h5 Bg7 15. Nb3 Na4 16. Qh3 Qd6 17. hxg6 hxg6 18. Rh2 Bd7 19. Rdh1 Kf8 20. Qg3 Ke7 21. Rh7 Rg8 22. Ne2 Qxg3 23. Nxg3 Kd6 24. Rd1 Rae8 25. c3 Kc7 26. Rg1 Bc8 27. Ne2 Nb6 28. Nc5 Nd7 29. Nxd7 Bxd7 30. Kc2 Be6 31. Nf4 Kd6 32. a4 bxa4 33. Ra1 Bf8 34. Rxa4 Be7 35. Nxe6 Kxe6 36. Ra6 Bxg5 37. Rxc6+ 1-0

[Event "SERBIA OPEN 2023 - MASTERS СРБИЈА "]
[Site "Belgrade, "]
[Date "2023.07.16"]
[Round "1.69"]
[White "Jevtic, Miroljub"]
[Black "Priyanka, K.."]
[Result "0-1"]
[WhiteElo "1963"]
[BlackElo "2143"]
[PlyCount "108"]
[EventDate "2023.07.16"]

1. d4 Nf6 2. Nf3 g6 3. Nbd2 d5 4. e3 Bg7 5. c4 c6 6. cxd5 cxd5 7. Bb5+ Bd7 8. Qb3 Qb6 9. Bxd7+ Nbxd7 10. O-O O-O 11. Qxb6 axb6 12. Nb3 Rfc8 13. Rd1 Ne4 14. Ne1 e6 15. a3 Bf8 16. f3 Nd6 17. Bd2 Nc4 18. Nd3 b5 19. Kf2 Ndb6 20. Rab1 Na4 21. Be1 f6 22. f4 Bd6 23. Nd2 Rc7 24. Rdc1 Ncxb2 25. Rxc7 Nxd3+ 26. Ke2 Nxf4+ 27. exf4 Bxc7 28. Kf3 Bd6 29. Rxb5 b6 30. Nb1 Rc8 31. Bd2 Rc2 32. Ke3 Kf7 33. Kd3 Ra2 34. Rb3 Nb2+ 35. Kc3 Nc4 36. g3 Bxa3 37. Nxa3 Nxa3 38. Rxb6 Rc2+ 39. Kb3 Rxd2 40. Rb7+ Kg8 41. Kxa3 Rxd4 42. Re7 Re4 43. Kb3 Re2 44. Kc3 h5 45. Kd4 Kf8 46. Rd7 Rxh2 47. Kc5 Re2 48. Kd6 d4 49. Rd8+ Kg7 50. Rd7+ Kh6 51. Ke7 h4 52. g4 Rf2 53. Kxf6 Rxf4+ 54. Kxe6 Kg5 0-1

[Event "SERBIA OPEN 2023 - MASTERS СРБИЈА "]
[Site "Belgrade, "]
[Date "2023.07.16"]
[Round "1.70"]
[White "Serikbay, Assel"]
[Black "Bozinovic, Boban"]
[Result "1-0"]
[WhiteElo "2139"]
[BlackElo "1954"]
[PlyCount "85"]
[EventDate "2023.07.16"]

1. d4 Nf6 2. c4 c5 3. d5 b5 4. cxb5 a6 5. bxa6 g6 6. Nc3 Bg7 7. g3 d6 8. Bg2 O-O 9. Nf3 Qa5 10. O-O Rxa6 11. Bd2 Nbd7 12. Qc2 Bb7 13. a4 Qb6 14. e4 Rc8 15. b3 Ne8 16. Bh3 Qd8 17. Rfb1 Rca8 18. Ra2 Nc7 19. Be3 Ne5 20. Nxe5 Bxe5 21. b4 cxb4 22. Rxb4 Bc8 23. Bf1 Bd7 24. Bxa6 Nxa6 25. Rc4 Bh3 26. Nb5 e6 27. Qd2 exd5 28. exd5 Qd7 29. Rac2 Nc5 30. f4 Bg7 31. Nxd6 Qxd6 32. Bxc5 Qd7 33. Be3 Qg4 34. Kf2 Qd7 35. Rc6 h5 36. a5 Bf5 37. R2c4 Bf8 38. a6 Bd6 39. Qd4 Qe7 40. a7 h4 41. Qb6 hxg3+ 42. hxg3 Ba3 43. Qb8+ 1-0

[Event "SERBIA OPEN 2023 - MASTERS СРБИЈА ОПЕН 2023 - МАСТЕРС"]
[Site "Belgrade, "]
[Date "2023.07.16"]
[Round "1.71"]
[White "Eldho, Skaria"]
[Black "Pevzner, Maks"]
[Result "0-1"]
[WhiteElo "1945"]
[BlackElo "2139"]
[PlyCount "60"]
[EventDate "2023.07.16"]

1. d4 Nf6 2. Nc3 d5 3. Bf4 a6 4. e3 e6 5. Nf3 c5 6. a3 Nc6 7. Be2 Bd6 8. Bg3 O-O 9. dxc5 Bxc5 10. Qd3 b5 11. Nd4 Qb6 12. Nxc6 Qxc6 13. Be5 Nd7 14. Bd4 Bb7 15. Bf3 Qd6 16. e4 dxe4 17. Bxe4 Bxe4 18. Bxc5 Qxd3 19. cxd3 Nxc5 20. dxe4 Nd3+ 21. Ke2 Nxb2 22. Rhb1 Nc4 23. a4 bxa4 24. Nxa4 a5 25. Rc1 Rac8 26. Ra2 h6 27. Nb2 Nxb2 28. Rxc8 Rxc8 29. Rxb2 Rc6 30. Kd3 g5 {...} 0-1

[Event "SERBIA OPEN 2023 - MASTERS СРБИЈА ОПЕН 2023 - МАСТЕРС"]
[Site "Belgrade, "]
[Date "2023.07.16"]
[Round "1.72"]
[White "Kostic, Branimir"]
[Black "Sunyuktha, C M N"]
[Result "0-1"]
[WhiteElo "2134"]
[BlackElo "1945"]
[PlyCount "68"]
[EventDate "2023.07.16"]

1. d4 d5 2. c4 e6 3. Nf3 Nf6 4. Nc3 Be7 5. Bf4 O-O 6. e3 c5 7. Be2 Nc6 8. O-O dxc4 9. Bxc4 cxd4 10. exd4 b6 11. Rc1 Nb4 12. Qe2 Bb7 13. Rfe1 Rc8 14. b3 Nbd5 15. Nxd5 Nxd5 16. Bd2 Ba3 17. Rcd1 Nc7 18. Bd3 g6 19. Bh6 Re8 20. Ne5 Bf8 21. Bxf8 Rxf8 22. Ng4 f5 23. Ne5 Re8 24. b4 Nd5 25. Bb5 Nc3 26. Qd3 Qd5 27. Qg3 Nxb5 28. Nxg6 Qxg2+ 29. Qxg2 Bxg2 30. Nf4 Bf3 31. Rd3 Be4 32. Rde3 Nxd4 33. Rd1 e5 34. Nh5 Kf7 0-1

[Event "SERBIA OPEN 2023 - MASTERS СРБИЈА ОПЕН 2023 - МАСТЕРС"]
[Site "Belgrade, "]
[Date "2023.07.16"]
[Round "1.73"]
[White "Teo, Hong Ming"]
[Black "Stanojevic, Ilija"]
[Result "1-0"]
[WhiteElo "1939"]
[BlackElo "2133"]
[PlyCount "68"]
[EventDate "2023.07.16"]

1. d4 Nf6 2. c4 e6 3. Nc3 d5 4. cxd5 exd5 5. Bg5 Be7 6. e3 Nbd7 7. Bd3 O-O 8. Nge2 Re8 9. O-O c6 10. f3 Nf8 11. Qc2 Nh5 12. Bxe7 Qxe7 13. e4 dxe4 14. fxe4 Bg4 15. Rf2 Rad8 16. Raf1 Be6 17. Kh1 Nf6 18. h3 c5 19. e5 Nd5 20. Nxd5 Rxd5 21. Bc4 Rdd8 22. Rxf7 Bxf7 23. Rxf7 Qxf7 24. Bxf7+ Kxf7 25. Qb3+ Ne6 26. d5 Nd4 27. Nxd4 cxd4 28. d6+ Kg6 29. Qd3+ Kf7 30. Qxd4 Ke6 31. Qxa7 Kxe5 32. d7 Rf8 33. Qxb7 Ke6 34. Qe4+ Kxd7 {...} 1-0